000 00294nam a22001337a 4500
008 181012b xxu||||| |||| 00| 0 eng d
020 _a9780781781572
041 _aeng
080 _a610.73
100 _a2
101 _aINF
245 _aFundamentals of Nursing
_cTaylor, C
942 _2udc
_cBK
999 _c49522
_d49522